=LDR 00000nam 2200000 4500 =001 INLIS000000000060026 =005 20211228124145 =035 ##$$a 0010-1221000253 =007 ta =008 211228###########################0#ind## =020 ##$$a 978-602-8597-08-1 =082 ##$$a 297.346 =084 ##$$a 297.346 Rid s =245 1#$$a Santri sableng : $b Sebuah Catatan dariBilik Pesantren /$c Ridho Al Hamdi =300 ##$$a 234 halaman : $b ilustrasi ; $c 20 cm =650 #4$$a Cerita - Cerita Hadist =264 ##$$a yogyakarta :$b Leotika,$c 2009 =336 ##$$a teks$2 rdacontent =337 ##$$a lain-lain$2 rdamedia =338 ##$$a lain-lain$2 rdacarrier =990 ##$$a 38073807